000 00356pam a2200157a 44500
008 230515b2009 xxu||||| |||| 00| 0 eng d
020 _aNULL
041 _aENGLISH
082 _a620.001171
100 _aGUPTA P V
245 _aA TEXT BOOK ON POWER SYSTEM ENGINEERING
250 _a1
260 _a
_bNA
_c2009
300 _aXXVI/1015
650 _aNULL
999 _c636017
_d636017